| 000 | 00350nam a2200145Ia 4500 | ||
|---|---|---|---|
| 008 | 230711s9999||||xx |||||||||||||| ||und|| | ||
| 041 | _aENG | ||
| 082 |
_a720 _bHA-R |
||
| 100 | _aHabib,AK | ||
| 245 | 0 | _aRecommiendations for design colour | |
| 250 | _a1st | ||
| 260 |
_c1986 _aNew York _bOxford University Press |
||
| 650 | _aArchitecture | ||
| 942 | _cBK | ||
| 999 |
_c448 _d448 |
||